skbl

Dr Suryya Kumar Bhuyan Library Web-OPAC
ডঃ সূৰ্য্য
কুমাৰ ভূঞা পুথিভঁৰাল ৱেব-অ'পেক

All Research Scholars are advised to clear the annual library fees to continue using Library Resources, Remote Access, Plagiarism Test and Library Clearance.

Cotton University Book Fair 2026

Indian Economy: Problems of Development and Planning / (Record no. 7796)

MARC details
000 -LEADER
fixed length control field 00842nam a2200301Ia 4500
001 - CONTROL NUMBER
control field 7809
005 - DATE AND TIME OF LATEST TRANSACTION
control field 20240113234036.0
007 - PHYSICAL DESCRIPTION FIXED FIELD--GENERAL INFORMATION
fixed length control field ta
008 - FIXED-LENGTH DATA ELEMENTS--GENERAL INFORMATION
fixed length control field 050713s1996 a g b000 u eng u
020 ## - INTERNATIONAL STANDARD BOOK NUMBER
International Standard Book Number 81-7328-074-6
Terms of availability Rs. 165.00
040 ## - CATALOGING SOURCE
Original cataloging agency Cotton College,Assam
041 ## - LANGUAGE CODE
Language code of text/sound track or separate title eng
082 ## - DEWEY DECIMAL CLASSIFICATION NUMBER
Classification number 330.954
Item number Ag 11 In
100 ## - MAIN ENTRY--PERSONAL NAME
Personal name Agrawal, A.N..
245 #0 - TITLE STATEMENT
Title Indian Economy: Problems of Development and Planning /
Statement of responsibility, etc. A.N. Agrawal.
Medium Textual Documents
250 ## - EDITION STATEMENT
Edition statement 22nd ed. /
260 ## - PUBLICATION, DISTRIBUTION, ETC.
Place of publication, distribution, etc. New Delhi :
Name of publisher, distributor, etc. Wishwa Prakashan ,
Date of publication, distribution, etc. 1996.
300 ## - PHYSICAL DESCRIPTION
Extent xv, 735p. :
Other physical details ill ;
Dimensions 23cm .
365 ## - TRADE PRICE
Price type code Rs. 165.00
504 ## - BIBLIOGRAPHY, ETC. NOTE
Bibliography, etc. note Bib.
653 ## - INDEX TERM--UNCONTROLLED
Uncontrolled term Economics-India
653 ## - INDEX TERM--UNCONTROLLED
Uncontrolled term India-Economics
653 ## - INDEX TERM--UNCONTROLLED
Uncontrolled term PG-Economics
653 ## - INDEX TERM--UNCONTROLLED
Uncontrolled term Economic Development-India
942 ## - ADDED ENTRY ELEMENTS (KOHA)
Source of classification or shelving scheme Dewey Decimal Classification
Koha item type Books
Holdings
Withdrawn status Lost status Damaged status Not for loan Collection Home library Current library Date acquired Coded location qualifier Cost, normal purchase price Total checkouts Full call number Barcode Date last seen Copy number Price effective from Koha item type
          Dr. Suryya Kumar Bhuyan Library Dr. Suryya Kumar Bhuyan Library 01/02/2012 00000 165.00   330.954 Ag 11 In 216/Eco 13/01/2024 1 01/02/2012 Books

Designed and Maintained by Team SKBL
©1901-2026

Powered by Koha